00479nam a2200193 a 4500001001300000003000900013005001700022008003800039020001000077082001600087100002800103245003500131260001300166300000900179500003500188505001400223650002000237700002800257nice12345678IN_TiNIC20260116011450.0050524s1924 a grp 000 0 per  ac10000a298.82bAHM aAhmed, Aqa Shaikh Ahmed aMadinatul Islam Roohu Tamaddun abc1924 a363p aincludes index and biblioraphy2 areference aShiah-Doctrines1 aAhmed, Aqa Shaikh Ahmed